Central Library OPAC University of Rajshahi

The Geography of the U.S.S.R. : (Record no. 23250)

MARC details
000 -LEADER
fixed length control field 00918cam a2200253 i 4500
001 - CONTROL NUMBER
control field 23250
003 - CONTROL NUMBER IDENTIFIER
rucl marc code BD-RjUL
005 - DATE AND TIME OF LATEST TRANSACTION
control field 20211209000917.0
008 - FIXED-LENGTH DATA ELEMENTS--GENERAL INFORMATION
fixed length control field 140310s1975 ru a 000 0 eng
035 ## - SYSTEM CONTROL NUMBER
System control number (BD-RjUL)23315
040 ## - CATALOGING SOURCE
Original cataloging agency DLC
Transcribing agency DLC
Modifying agency BD-RjUL
Language of cataloging eng
041 1# - LANGUAGE CODE
Language code of text/sound track or separate title engrus
082 00 - DEWEY DECIMAL CLASSIFICATION NUMBER
Classification number 914.7
Author mark and year GEO 1975
245 04 - TITLE STATEMENT
Title The Geography of the U.S.S.R. :
Remainder of title an introductory survey /
Statement of responsibility, etc. editor, J. S. Gregory ; [translated from Russian by David Fry].
260 ## - PUBLICATION, DISTRIBUTION, ETC. (IMPRINT)
Place of publication, distribution, etc. Moscow :
Name of publisher, distributor, etc. Novosti Press Agency Pub. House,
Date of publication, distribution, etc. 1975.
300 ## - PHYSICAL DESCRIPTION
Pagination 143 p. :
Illustrations ill. ;
Size 22 cm.
500 ## - GENERAL NOTE
General note Adapted translation of A. A. Mint︠s︡ work Geografii︠a︡ SSR.
651 #0 - SUBJECT ADDED ENTRY--GEOGRAPHIC NAME
Geographic name Soviet Union
General subdivision Geography.
9 (RLIN) 67156
700 1# - ADDED ENTRY--PERSONAL NAME
Personal name Gregory, James Stothert,
Dates associated with a name 1912-
Personal name Mint︠s︡, A. A.
Fuller form of name (Alekseĭ Aleksandrovich),
Dates associated with a name 1929-1973.
942 ## - ADDED ENTRY ELEMENTS (KOHA)
Source of classification or shelving scheme Dewey Decimal Classification
Koha item type Books
Holdings
Lost status Source of classification or shelving scheme Damaged status Not for loan Collection code Permanent Location Current Location Shelving location Date acquired Source of acquisition Total Checkouts Full call number Date last seen Copy number Koha item type
  Dewey Decimal Classification   Added to bundle Non-fiction Central Library, University of Rajshahi Central Library, University of Rajshahi Reading Room 27/07/1987 Asia Fundation Gift   914.7 GEO 1975 10/03/2014 C-1 Books